[Event "Gelsenkirchen Koenigsspringer op"]
[Site "Gelsenkirchen"]
[Date "2019.12.29"]
[Round "5"]
[White "Raygrotzki, Norbert"]
[Black "Van Stiphout, Marc"]
[Result "1-0"]
[WhiteElo "1881"]
[BlackElo "1674"]
[PlyCount "69"]
[EventDate "2019.12.27"]
[EventType "swiss"]
[EventRounds "7"]
[EventCountry "GER"]
[SourceTitle "CBM 194 Extra"]
[Source "ChessBase"]
[SourceDate "2020.03.31"]
[SourceVersion "1"]
[SourceVersionDate "2020.03.31"]
[SourceQuality "1"]

1. e4 e6 2. d4 d5 3. exd5 Qxd5 4. Nf3 Nc6 5. c4 Qh5 6. Be2 Bb4+ 7. Nc3 Qa5 8. Bd2 Nf6 9. a3 Bxc3 10. Bxc3 Qf5 11. 0-0 Ne4 12. Be1 Ng5 13. Ne5 Nxe5 14. dxe5 Bd7 15. Bd3 Nh3+ 16. gxh3 Qxh3 17. Be4 f5 18. Bg2 Qh6 19. Bxb7 Rb8 20. Bf3 Qf4 21. Bc3 g5 22. Bh5+ Ke7 23. Bb4+ Rxb4 24. axb4 g4 25. Qc1 Qxe5 26. Qg5+ Qf6 27. Qxf6+ Kxf6 28. Rxa7 Bc6 29. Rxc7 Bf3 30. Re1 Kg5 31. Bf7 h5 32. Bxe6 h4 33. Rc5 Ra8 34. Rxf5+ Kg6 35. Rxf3 1-0

[Event "Gelsenkirchen Silvester op 6th"]
[Site "Gelsenkirchen"]
[Date "2018.12.30"]
[Round "7"]
[White "Raygrotzki, Norbert"]
[Black "Tunkel, Stefan"]
[Result "1/2-1/2"]
[WhiteElo "1897"]
[BlackElo "1868"]
[PlyCount "72"]
[EventDate "2018.12.27"]
[EventType "swiss"]
[EventRounds "7"]
[EventCountry "GER"]
[SourceTitle "CBM 188 Extra"]
[Source "ChessBase"]
[SourceDate "2019.02.26"]
[SourceVersion "1"]
[SourceVersionDate "2019.02.26"]
[SourceQuality "1"]

1. c4 Nf6 2. g3 e6 3. Bg2 d5 4. Nf3 Be7 5. 0-0 0-0 6. d4 dxc4 7. Nbd2 Bd7 8. Ne5 Bc6 9. Nxc6 Nxc6 10. Bxc6 bxc6 11. Nxc4 Qd5 12. Qa4 Qxd4 13. Be3 Qd5 14. Rfd1 Qb5 15. Qxb5 cxb5 16. Ne5 c5 17. Nc6 Rfe8 18. Nxe7+ Rxe7 19. Bxc5 Rc7 20. b4 Ne4 21. Rac1 Rac8 22. f3 Nxc5 23. bxc5 Kf8 24. Kf2 Ke7 25. Rd6 Rxc5 26. Rxc5 Rxc5 27. Ra6 Rc7 28. Ke3 Kd7 29. Kd3 Kc8 30. Ra5 b4 31. Kd4 Kd7 32. Rc5 Rb7 33. Kc4 a6 34. Rg5 g6 35. Rc5 Kd6 36. e4 b3 1/2-1/2

[Event "Niederrhein-ch"]
[Site "Kamp Lintfort"]
[Date "2017.04.08"]
[Round "1"]
[White "Raygrotzki, Norbert"]
[Black "Ruprecht, Thomas"]
[Result "1/2-1/2"]
[WhiteElo "1899"]
[BlackElo "2022"]
[PlyCount "65"]
[EventDate "2017.04.08"]
[EventType "swiss"]
[EventRounds "7"]
[EventCountry "GER"]
[SourceTitle "EXT 2022"]
[Source "ChessBase"]
[SourceDate "2021.10.06"]
[SourceVersion "1"]
[SourceVersionDate "2021.10.06"]
[SourceQuality "1"]

1. c4 e5 2. g3 Nc6 3. Nc3 f5 4. Nf3 Nf6 5. d4 e4 6. Nh4 d5 7. Bg5 Be7 8. e3 Ng4 9. Bxe7 Nxe7 10. cxd5 Nxd5 11. Qb3 Ngf6 12. Bc4 c6 13. Ng2 Qb6 14. Bxd5 Nxd5 15. Nxd5 Qxb3 16. axb3 cxd5 17. Nf4 Kf7 18. Nxd5 Be6 19. Nc7 Rac8 20. Nxe6 Kxe6 21. Kd2 a6 22. h4 Kd6 23. Rhc1 Rxc1 24. Kxc1 g6 25. Kd2 Rc8 26. Ra4 Rf8 27. Rc4 Re8 28. Kc3 h6 29. b4 b6 30. Kb3 g5 31. hxg5 hxg5 32. Rc2 Rf8 33. b5 1/2-1/2

[Event "Solingen Karneval op"]
[Site "Solingen"]
[Date "2016.02.05"]
[Round "1"]
[White "Raygrotzki, Norbert"]
[Black "Schulten, Sandro"]
[Result "1/2-1/2"]
[WhiteElo "1925"]
[BlackElo "1530"]
[PlyCount "103"]
[EventDate "2016.02.05"]
[EventType "swiss"]
[EventRounds "5"]
[EventCountry "GER"]
[SourceTitle "EXT 2018"]
[Source "ChessBase"]
[SourceDate "2017.10.13"]
[SourceVersion "1"]
[SourceVersionDate "2017.10.13"]
[SourceQuality "1"]

1. c4 c6 2. Nf3 Nf6 3. d4 d5 4. Qc2 dxc4 5. Qxc4 Bf5 6. Nc3 e6 7. g3 Be7 8. Bg2 0-0 9. 0-0 h6 10. Rd1 Nbd7 11. Ne1 Rc8 12. e4 Bg6 13. a3 Nb6 14. Qb3 Rc7 15. Nd3 Bh7 16. Ne5 Nfd7 17. Be3 Qc8 18. Nxd7 Rxd7 19. d5 exd5 20. Bxb6 axb6 21. exd5 Bf5 22. dxc6 bxc6 23. Qxb6 Rb7 24. Qxc6 Qxc6 25. Bxc6 Rxb2 26. Rd5 Be6 27. Rb5 Rc2 28. Nd5 Bxd5 29. Bxd5 Rfc8 30. Rb7 Rc1+ 31. Rxc1 Rxc1+ 32. Kg2 Bxa3 33. Rxf7 Kh8 34. h4 Rc8 35. f4 Rf8 36. Ra7 Bc5 37. Rc7 Bd4 38. Be4 Bf6 39. Kh3 Re8 40. Bg6 Rb8 41. Kg4 Kg8 42. h5 Rd8 43. Kf5 Rf8 44. Ke6 Kh8 45. Bf7 Kh7 46. g4 Kh8 47. Kf5 Ra8 48. Kg6 Rb8 49. g5 hxg5 50. fxg5 Bd8 51. Rc6 Rb5 52. Be6 1/2-1/2

[Event "Ruhrgebiet Verbandsliga1 1213"]
[Site "Nordrheinwestfalen"]
[Date "2012.09.30"]
[Round "2.5"]
[White "Raygrotzki, Norbert"]
[Black "Bryjak, Hans Guenther"]
[Result "1/2-1/2"]
[WhiteElo "1836"]
[BlackElo "1974"]
[PlyCount "81"]
[EventDate "2012.09.02"]
[EventType "team-tourn"]
[EventRounds "9"]
[EventCountry "GER"]
[SourceTitle "EXT 2020"]
[Source "ChessBase"]
[SourceDate "2019.10.17"]
[SourceVersion "1"]
[SourceVersionDate "2019.10.17"]
[SourceQuality "1"]
[WhiteTeam "Oberhausen SV III"]
[BlackTeam "Dortmund SV"]
[WhiteTeamCountry "GER"]
[BlackTeamCountry "GER"]

1. c4 c5 2. Nf3 Nf6 3. Nc3 g6 4. d4 cxd4 5. Nxd4 Bg7 6. e4 0-0 7. Be3 Nc6 8. Be2 d6 9. 0-0 Bd7 10. Qd2 Nxd4 11. Bxd4 Bc6 12. f3 b6 13. Rfd1 Qc7 14. Rac1 Qb7 15. Bf1 Rac8 16. g3 Rfd8 17. Nd5 e5 18. Be3 Nxd5 19. cxd5 Bd7 20. Qb4 Bf8 21. a4 Rxc1 22. Rxc1 Rb8 23. Bb5 Rc8 24. Rxc8 Bxc8 25. Bc6 Qc7 26. Bg5 f6 27. Bd2 f5 28. a5 bxa5 29. Qxa5 Qxa5 30. Bxa5 fxe4 31. fxe4 Ba6 32. Kf2 Bc8 33. Bc7 Kf7 34. b4 a6 35. Ba4 Ke7 36. Ke3 Bh6+ 37. Kd3 Bc1 38. Bb6 Bh3 39. Kc3 Bg2 40. Bc2 Bf1 41. Bd3 1/2-1/2

[Event "Hamburg St Pauli op-A"]
[Site "Hamburg"]
[Date "2010.07.16"]
[Round "7"]
[White "Raygrotzki, Norbert"]
[Black "Knauer, Frank"]
[Result "0-1"]
[WhiteElo "2015"]
[BlackElo "1846"]
[PlyCount "72"]
[EventDate "2010.07.10"]
[EventType "swiss"]
[EventRounds "9"]
[EventCountry "GER"]
[SourceTitle "EXT 2013"]
[Source "ChessBase"]
[SourceDate "2012.11.22"]
[SourceVersion "1"]
[SourceVersionDate "2012.11.22"]
[SourceQuality "1"]

1. c4 d6 2. g3 g6 3. Bg2 Bg7 4. Nc3 e5 5. e4 Nf6 6. d3 0-0 7. Nge2 c6 8. 0-0 Nbd7 9. h3 Nc5 10. Be3 Be6 11. b4 Na6 12. Rb1 Qd7 13. Kh2 Nc7 14. f4 exf4 15. gxf4 d5 16. cxd5 cxd5 17. e5 Nh5 18. d4 Rfd8 19. Qb3 Bf8 20. Ng3 Ng7 21. Na4 b6 22. Nb2 h5 23. Rfe1 Be7 24. Bf2 Rac8 25. a4 h4 26. Nf1 Nf5 27. b5 Ne8 28. Rbc1 Neg7 29. Rxc8 Rxc8 30. Nd3 Rc4 31. Nd2 Nxd4 32. Bxd4 Rxd4 33. Nf3 Re4 34. Rc1 Bxh3 35. Nf2 Bxg2 36. Nxe4 Qh3+ 0-1

[Event "Hamburg St Pauli op-A"]
[Site "Hamburg"]
[Date "2010.07.10"]
[Round "1"]
[White "Raygrotzki, Norbert"]
[Black "Schroeder, Christoph"]
[Result "0-1"]
[WhiteElo "2015"]
[BlackElo "2237"]
[PlyCount "32"]
[EventDate "2010.07.10"]
[EventType "swiss"]
[EventRounds "9"]
[EventCountry "GER"]
[SourceTitle "EXT 2013"]
[Source "ChessBase"]
[SourceDate "2012.11.22"]
[SourceVersion "1"]
[SourceVersionDate "2012.11.22"]
[SourceQuality "1"]

1. d4 d5 2. Nf3 e6 3. c4 c6 4. e3 f5 5. Bd3 Nf6 6. 0-0 Bd6 7. b3 Qe7 8. Bb2 a5 9. Nbd2 0-0 10. Ne5 Ne4 11. f3 Nxd2 12. Qxd2 Nd7 13. Nxd7 Bxd7 14. e4 fxe4 15. fxe4 dxe4 16. Bxe4 Qh4 0-1

[Event "Ruhrgebiet VK3 0708"]
[Site "Germany"]
[Date "2007.12.09"]
[Round "4.4"]
[White "Raygrotzki, Norbert"]
[Black "Menkowski, Patrick"]
[Result "1/2-1/2"]
[WhiteElo "2032"]
[BlackElo "1758"]
[PlyCount "65"]
[EventDate "2007.09.16"]
[EventType "team"]
[EventRounds "9"]
[EventCountry "GER"]
[SourceTitle "EXT 2009"]
[Source "ChessBase"]
[SourceDate "2008.11.26"]
[SourceVersion "1"]
[SourceVersionDate "2008.11.26"]
[SourceQuality "1"]
[WhiteTeam "Oberhausen III"]
[BlackTeam "Bergh Wambel"]
[WhiteTeamCountry "GER"]
[BlackTeamCountry "GER"]

1. d4 d5 2. Nf3 Nf6 3. c4 e6 4. g3 c6 5. Qc2 Nbd7 6. Bg2 Bd6 7. 0-0 0-0 8. Bf4 Qe7 9. Bxd6 Qxd6 10. Nbd2 e5 11. cxd5 cxd5 12. dxe5 Nxe5 13. Rfd1 Be6 14. Nxe5 Qxe5 15. Nf3 Qd6 16. Qd3 Rfd8 17. Rac1 Qb6 18. b3 Rac8 19. e3 Qa5 20. Nd4 a6 21. Qb1 Bg4 22. f3 Be6 23. Qb2 Ne8 24. Rd2 Nd6 25. g4 Rxc1+ 26. Qxc1 Rc8 27. Qb2 Rc3 28. Kf2 b5 29. Bf1 Qc7 30. Bd3 h6 31. Kg2 Qc5 32. Rc2 Rxc2+ 33. Qxc2 1/2-1/2

[Event "Goch op 18th"]
[Site "Goch"]
[Date "2007.10.06"]
[Round "4"]
[White "Schatz, Christian"]
[Black "Raygrotzki, Norbert"]
[Result "1/2-1/2"]
[WhiteElo "2226"]
[BlackElo "2024"]
[PlyCount "51"]
[EventDate "2007.10.04"]
[EventType "swiss"]
[EventRounds "7"]
[EventCountry "GER"]
[SourceTitle "EXT 2011"]
[Source "ChessBase"]
[SourceDate "2010.11.26"]
[SourceVersion "1"]
[SourceVersionDate "2010.11.26"]
[SourceQuality "1"]

1. Nf3 d6 2. g3 e5 3. Bg2 f5 4. d3 Nf6 5. c4 Be7 6. Nc3 0-0 7. 0-0 Nc6 8. Rb1 h6 9. b4 Qe8 10. b5 Nd8 11. Nd5 Ne6 12. Ba3 g5 13. Nxe7+ Qxe7 14. Nxe5 Kh7 15. Nf3 a6 16. b6 c6 17. e4 Nc5 18. Re1 fxe4 19. Bxc5 dxc5 20. dxe4 Bg4 21. h3 Rad8 22. Qc2 Bxf3 23. Bxf3 Qe5 24. Rbd1 Rd4 25. Rxd4 cxd4 26. Rd1 1/2-1/2